| 000 | 02156nam a2200265 i 4500 | ||
|---|---|---|---|
| 001 | 18306 | ||
| 003 | DO-SdUEMH | ||
| 005 | 20260108163848.0 | ||
| 007 | ta | ||
| 008 | 260108s2025 dr a|||gr|||| 00| 0dspa d | ||
| 040 |
_aDO-SdUEMH _bspa _erda |
||
| 041 | _aspa | ||
| 082 | 1 | 4 |
_mRD _bM236 |
| 100 | 1 | _eautr | |
| 245 |
_aReflexiones Educativas de una Exministra de Educación / _cJacqueline Malagón |
||
| 264 | 1 |
_aSanto Domingo, República Dominicana : _c2025 |
|
| 264 | 4 | _c©2025 | |
| 300 |
_a277 páginas : _bilustraciones ; _c22 cm. |
||
| 336 |
_2rdacontent _atexto _btxt |
||
| 337 |
_2rdamedia _asin mediación _bn |
||
| 338 |
_2rdacarrier _avolumen _bnc |
||
| 504 | _aContiene Información Bibliográfica a Final de la Obra. | ||
| 505 | 2 | _aPreámbulo que da a entender los propósitos detrás de este esfuerzo educativo realmente colectivo -- Lo que nos dice Yuval Noah Harari en Nexus sobre el futuro de la era digital -- ¿Qué nos dice Dennett, el filósofo de la conciencia? -- José Marmol -- Neil Burtron: La Banda de los Tres -- José Joaquín Puello: El aprendizaje -- Radhamés Mejía -- Del voluntarismo a la transformación estructural -- Julio Valerón: Transformar al docente repensando la escuela -- Una nueva escuela para una nueva realidad por construir -- Juan Tomás Tavares: ¿Qué puedo hacer yo? -- ¿Cualquier persona puede ser maestra? -- Fernando Ferrán: La felicidad -- Ramón Flores: Optimizar y fortalecer lo que ya se tiene -- Ligia Amada Melo: La formación docente -- Darwin Caraballo: El legado del papa Francisco para la educación -- Evarista Matías: Normativa 01-23 sobre formación docente -- Miriam Díaz Santana: ¿Quiénes y cómo van a enseñar Moral y Cívica? -- Melanio Paredes: El triple desafío de la educación dominicana -- Rafael Santos Badía -- Metty Hernández Camaño: Gestión docente transformadora -- Emelinda Padilla: Hablando de formación docente -- Víctor Madé: La imperiosa necesidad en la República Dominicana -- Andrea Suero -- Mis propias reflexiones -- Cierre inspirador para una época que no viviré -- Cierre de este libro dedicado a los que aman enseñar. | |
| 942 |
_2ddc _cBK _n0 |
||
| 999 |
_c18306 _d18306 |
||